Loading...

സക്കറിയയുടെ തിരഞ്ഞെടുത്ത കഥകള്‍ /

Bibliographic Details
Main Author: സക്കറിയ
Other Authors: Zacharia
Format: Printed Book
Language:English
Published: തൃശൂര്‍ : കറന്റ് ബുക്സ് തൃശൂര്‍, 2018.
Subjects:
LEADER 00778nam a22001937a 4500
008 150616b xxu||||| |||| 00| 0 eng d
999 |c 27569  |d 27569 
020 |a 9788122611809 
082 |a 894.1301 ZAC 
100 |a സക്കറിയ 
240 |a Zachariayude thiranjedutha kathakal 
245 |a സക്കറിയയുടെ തിരഞ്ഞെടുത്ത കഥകള്‍ /  |c സക്കറിയ 
250 |b 3rd imp. 
260 |a തൃശൂര്‍ :  |b കറന്റ് ബുക്സ് തൃശൂര്‍,  |c 2018. 
300 |a 340p. 
650 |a Stories 
700 |a Zacharia 
942 |2 ddc  |c BK 
952 |0 0  |1 0  |2 ddc  |4 0  |6 894_130100000000000_ZAC  |7 0  |9 37830  |a MAIN  |b MAIN  |d 2019-10-28  |e Cosmo Books  |g 275.00  |o 894.1301 ZAC  |p 36028  |r 2019-10-28  |t 1  |w 2019-10-28  |y BK